000 00946nam1a22002171i 4500
001 rc\1178897
005 20240726063133.0
035 _a(NLR Aleph) 006432223
090 _a5558563
_c5558563
100 _a20041129d1980 u |0rusy50 ca
101 0 _arus
102 _aRU
105 _ay |||||||||
200 1 _aКаталог строительных конструкций и инженерного оборудования для убежищ гражданской обороны и сооружений двойного назначения
_fГл. архит.-планировоч. упр. г. Москвы, Ин-т по проектированию пром. и трансп. объектов для гор. хоз-ва г. Москвы "Моспромпроект"
210 _aМ.
_cБ. и.
_d1980
215 _d40
333 _aДСП
801 0 _aRU
_bNLR
_gpsbo
801 1 _aRU
_bELAR
_2rusmarc
852 _aNLR
_j81-50К/1386
942 _cBOOK